Notas para el estudio económico de América Latina y el Caribe, 1985: Guatemala
Αποθηκεύτηκε σε:
| Συγγραφή απο Οργανισμό/Αρχή: | |
|---|---|
| Μορφή: | Κείμενο |
| Έκδοση: |
México D.F.:
CEPAL
|
| Ετικέτες: |
Προσθήκη ετικέτας
Δεν υπάρχουν, Καταχωρήστε ετικέτα πρώτοι!
|
MARC
| LEADER | 00000 a a2200000 04500 | ||
|---|---|---|---|
| 001 | 22428 | ||
| 003 | |||
| 040 | |||
| 090 | |a 151800 | ||
| 110 | |a CEPAL | ||
| 245 | |a Notas para el estudio económico de América Latina y el Caribe, 1985: Guatemala | ||
| 260 | |a México D.F.: |b CEPAL | ||
| 300 | |a 45 p. | ||
| 999 | |c 6141 |d 6141 | ||
